Make your voice heard (Record no. 71508)

MARC details
000 -LEADER
fixed length control field 01328cam a2200241 4500
001 - CONTROL NUMBER
control field ABS66103
008 - FIXED-LENGTH DATA ELEMENTS--GENERAL INFORMATION
fixed length control field 021104n2002 000 0 eng u
035 ## - SYSTEM CONTROL NUMBER
System control number (Sirsi) u120350
100 ## - MAIN ENTRY--PERSONAL NAME
Personal name Highmore, S
245 ## - TITLE STATEMENT
Title Make your voice heard
260 ## - PUBLICATION, DISTRIBUTION, ETC.
Date of publication, distribution, etc. 2002
490 ## - SERIES STATEMENT
Series statement Estates Gazette
Volume/sequential designation (0241) 12 October 2002, 174(1)
520 ## - SUMMARY, ETC.
Summary, etc. The consultation on the new Land Registration Rules includes a proposal to introduce a mandatory prescribed form of lease. Article looks at the implications of this proposal for the property industry and advises those with an interest in property to respond to the consultation by 19 November. In particular, stresses that the timescale for implementing the new standard form of lease is unrealistic; the proposed lease will use a very different form to the present one and a large number of leases will be affected. Concludes that the standard form of lease should be introduced at a later date rather to allow the property industry to prepare properly. Consultation paper available from www.landreg.gov.uk
590 ## - LOCAL NOTE (RLIN)
Local note ABS
650 ## - SUBJECT ADDED ENTRY--TOPICAL TERM
Topical term or geographic name entry element LAND REGISTRATION RULES
650 ## - SUBJECT ADDED ENTRY--TOPICAL TERM
Topical term or geographic name entry element HM LAND REGISTRY
650 ## - SUBJECT ADDED ENTRY--TOPICAL TERM
Topical term or geographic name entry element PROPERTY INDUSTRY
650 ## - SUBJECT ADDED ENTRY--TOPICAL TERM
Topical term or geographic name entry element CONVEYANCING
650 ## - SUBJECT ADDED ENTRY--TOPICAL TERM
Topical term or geographic name entry element STANDARD FORM OF LEASE
690 ## - LOCAL SUBJECT ADDED ENTRY--TOPICAL TERM (OCLC, RLIN)
Topical term or geographic name as entry element PROPERTY AND LAND LAW-CONVEYANCING
700 ## - ADDED ENTRY--PERSONAL NAME
Personal name Fenn, K
942 ## - ADDED ENTRY ELEMENTS (KOHA)
Suppress in OPAC 0
Holdings
Withdrawn status Lost status Source of classification or shelving scheme Damaged status Not for loan Home library Current library Shelving location Date acquired Total Checkouts Full call number Barcode Date last seen Copy number Price effective from Koha item type
    Dewey Decimal Classification     London London Journal article 04/11/2002   ABS66103 120350-1001 06/08/2019 1 06/08/2019 Journal article